000 00709nam a2200289Ia 4500
005 20260324133041.0
008 008 260324s9999 xx 000 0 eng d
020 _a9780203021033
037 _aEBOOK
040 _aCRL
040 _beng
040 _cCRL
041 _2eng
041 _aeng
084 _qCRL
100 _aGraham Kemp; Douglas P. Fry
_91191608
245 0 _aKeeping the Peace
245 0 _bConflict Resolution and Peaceful Societies Around the World
260 _bTaylor and Francis
260 _c2004
365 _a
365 _b230
856 _uhttp://www.taylorfrancis.com/books/9780203021033
942 _cEBOOK
999 _c1790302
_d1790302